Maliba, le grand Mali de la tradition orale revisité par le rappeur Van Baxy (notice n° 2078248)
[ vue normale ]
| 000 -LEADER | |
|---|---|
| fixed length control field | 02001cam a2200169 4500500 |
| 005 - DATE AND TIME OF LATEST TRANSACTION | |
| control field | 20260405004757.0 |
| 041 ## - LANGUAGE CODE | |
| Language code of text/sound track or separate title | fre |
| 042 ## - AUTHENTICATION CODE | |
| Authentication code | dc |
| 100 10 - MAIN ENTRY--PERSONAL NAME | |
| Personal name | Gary-Tounkara, Daouda |
| Relator term | author |
| 245 00 - TITLE STATEMENT | |
| Title | Maliba, le grand Mali de la tradition orale revisité par le rappeur Van Baxy |
| 260 ## - PUBLICATION, DISTRIBUTION, ETC. | |
| Date of publication, distribution, etc. | 2026.<br/> |
| 500 ## - GENERAL NOTE | |
| General note | 3 |
| 520 ## - SUMMARY, ETC. | |
| Summary, etc. | Depuis les années 2010, le Mali traverse une crise multidimensionnelle. Pour certains Maliens, les aînés ont tourné le dos aux leçons et aux modèles de l’histoire vernaculaire. Dans ces conditions, comment se les réapproprier afin de redresser l’État et la nation ? Ce texte analyse l’histoire vernaculaire valorisée à Bamako à travers le regard du rappeur Van Baxy. En 2016, ce dernier reprit la célèbre chanson du griot Bazoumana Sissoko, « Maliba » (l’« Empire du Mali » de la tradition orale), initialement diffusée sur Radio Soudan en 1959. Pour Bazoumana et Van, le retour du Maliba passe par un réinvestissement effectif des Maliens de leur histoire et de leurs valeurs culturelles réinventées. |
| 520 ## - SUMMARY, ETC. | |
| Summary, etc. | Since 2010, Mali has been going through a serious multidimensional crisis. For some Malians, their elders have turned their backs on the lessons and models of vernacular history. Under these circumstances, how can these lessons and models be reclaimed to put the state and the nation back on its feet? This text analyzes the vernacular history valued in Bamako through the lens of rapper Van Baxy. In 2016, he covered the famous song by griot Bazoumana Sissoko, “Maliba” (the “Empire of Mali” of oral tradition), which was originally broadcast on Radio Soudan in 1959. For Bazoumana and Van the return of Maliba depends on Malians effectively reinvesting in their history and reinvented cultural values. |
| 786 0# - DATA SOURCE ENTRY | |
| Note | Politique africaine | 178-179 | 2-3 | 2026-03-12 | p. 25-44 | 0244-7827 |
| 856 41 - ELECTRONIC LOCATION AND ACCESS | |
| Uniform Resource Identifier | <a href="https://shs.cairn.info/revue-politique-africaine-2025-2-3-page-25?lang=fr&redirect-ssocas=7080">https://shs.cairn.info/revue-politique-africaine-2025-2-3-page-25?lang=fr&redirect-ssocas=7080</a> |
Pas d'exemplaire disponible.




Réseaux sociaux